Cuestiones ambientales en informes financieros bajo normas internacionales de información financiera: (Registro nro. 27484)

Detalles MARC
000 -LEADER
fixed length control field 00419 a2200109 4500
001 - CONTROL NUMBER
control field ART_15807
005 - DATE AND TIME OF LATEST TRANSACTION
control field 20260410161918.0
008 - FIXED-LENGTH DATA ELEMENTS--GENERAL INFORMATION
fixed length control field 260409a
100 1# - MAIN ENTRY--PERSONAL NAME
Personal name Fronti de García, Luisa
245 10 - TITLE STATEMENT
Title Cuestiones ambientales en informes financieros bajo normas internacionales de información financiera:
773 0# - HOST ITEM ENTRY
Title Documentos de trabajo de contabilidad social
Related parts - Año 4, Nº 2 (dic. 2011)
Record control number REV14388

No hay ítems disponibles.